000 00318nam a22001457a 4500
008 210514b ||||| |||| 00| 0 eng d
020 _a9780750923156
041 _aeng
080 _a94
082 _a94
100 _a16
101 _aSHH
245 _aDisease & History
_cFrederick F. Cartwright
942 _2udc
_cBK
999 _c57320
_d57320